拼音以B开头的国家 Countries pinyin starting with B - Statistics

General Stats
  • This quiz has been taken 84 times
    83 since last reset
  • The average score is 17 of 24
Answer Stats
国家 % Correct
巴西
94%
巴基斯坦
88%
波兰
82%
巴布亚新几内亚
81%
巴拿马
79%
白俄罗斯
79%
比利时
79%
巴巴多斯
76%
巴勒斯坦
76%
巴林
76%
巴拉圭
75%
巴哈马
71%
贝宁
68%
波斯尼亚和黑塞哥维那
66%
冰岛
65%
不丹
65%
保加利亚
63%
玻利维亚
63%
博茨瓦纳
62%
布隆迪
62%
北马其顿
54%
秘鲁
54%
伯利兹
54%
布基纳法索
54%
No matching quizzes found
Score Distribution
Percent of People with Each Score
Percentile by Number Answered
Your Score History
You have not taken this quiz since the last reset